000 00930nam a2200313Ia 4500
003 OSt
005 20220912150514.0
006 a|||||r|||| 00| 0
007 ta
008 220909b |||||||| |||| 00| 0 eng d
020 _a3540618279 (Berlin:hbd)
024 _a5777
037 _bLibco,
037 _cTextual
040 _aCSL
_beng
_cCSL
041 _aeng
082 _aH422:(B28M), N8
100 _aBrown Charles E
245 0 _aApplied multivariate statistics in geohydrology and related sciences
260 _aBerlin
_bSpringer-Verlag
_c1998
300 _axix, 248p.
_ccm.
500 _aAppendix A.1-A.3, 225-231p; Bibliographical references 233-237p; Indexes 239-248p
650 _a Geomorphology
650 _a Hydrogeology
650 _a Multivariate analysis
650 _aGeology
942 _hH422:(B28M), N8
_cTEXL
_2CC
999 _c48898
_d48898